000 00837nam a2200217Ia 4500
999 _c39894
_d39894
001 6499
003 GE_BSU
005 20191009161706.0
008 181216s1952||||ge |||||||||||||| ||geo||
040 _cGE_BSU
041 _ageo
080 _a821.353.1-31 ბ-45
100 _aბელიაშვილი, აკაკი
_94491
245 _aოქროს ჩარდახი :
_bრომანი /
_cაკაკი ბელიაშვილი ; რედ. გიორგი ლეონიძე.
264 _aთბილისი :
_bსაბჭ.მწერალი ;
_c1952.
300 _a295 გვ.;
_c22 სმ.
653 _aოქროს ჩარდახი
653 _aრომანი
700 _aლეონიძე, გიორგი
_eრედაქტორი
_924
942 _cBK
_2udc